01205 2200193 4500001002100000005001500021035002000036245004400056100002600100250003100126300003200157260003300189082001000222084001600232020002200248650001700270520068200287500004200969INLIS00000000000057720240822083732 a0010-08240000951 aMembuat Neraca /cEka Purjiyanta, S.P.d0 aEka Purjiyanta, S.P.d acetakan ke-1, edisi revisi aiv, 57 hlm :bIlus ;c22 cm aJakarta :bAzka Press,c2006 a745.5 a745.5 EKA m a978-979-744-478-3 4aKeterampilan aBuku seri teknologi sederhana neraca ini ditulis untuk siswa SD sebagai bacaan untuk memperkaya pengetahuannya tentang terapan sains. Buku ini diharapkan dapat membantu terbukanya pola pikir pada siswa dalam menjembatani antara kemampuan kognitif dan kemampuan psikomotorik. Buku ini berisi tentang pembuatan model peralatan yang menggunakan prinsip-prinsip sains. Alat yang dibuat belum tentu akurat, namun ide atau gagasan yang diberikan terus dikembangkan akan memberi hasil yang lebih baik. Buku ini disajikan dengan bahasa dan sistematika yang sederhana sehingga mudah dipahami. Ilustrasi yang diberikan sepenuhnya ditujukan untuk memperjelas maksud yang ingin di capai. aSeri Keterampilan Teknologi Sederhana